| 000 | 00825nam a2200181Ia 4500 | ||
|---|---|---|---|
| 003 | GCL | ||
| 005 | 20240530110926.0 | ||
| 008 | 140319s9999 xx 000 0 ara d | ||
| 040 |
_aGCL / _cGCL |
||
| 082 | 0 | 4 |
_a347.08 _bم إ |
| 100 | 0 | _aمحمد زكى ابوعامر | |
| 245 | 1 | 2 |
_aالاجراءات الجنائية : _bمرحلة جمع الاستدلالات - سير الدعوى الجنائية والدعوة المدنية المرتبطة بها - والتحقيق والحكم والطعن فى الحكم الصادر فى الدعوى الجنائية / _cمحمد زكى ابوعامر |
| 260 |
_aالاسكندرية : _bمنشاة المعارف ، _c1991 |
||
| 300 | _a1130 ص | ||
| 650 | 0 | 4 | _aالقانون الجنائى |
| 650 | 0 | 4 | _aقانون الاجراءات الجنائية |
| 942 |
_2ddc _cBK |
||
| 999 |
_c66574 _d66574 |
||